000 00784nam a2200253Ia 4500
003 GCL
005 20240530104341.0
008 140319s9999 xx 000 0 ara d
040 _aGCL /
_cGCL
082 0 4 _a320.531
_bى ا
100 1 _aسلامة موسى
245 1 0 _aالاشتراكية /
_cسلامة موسى
260 _aالقاهرة :
_bسلامة موسى للنشر والتوزيع،
300 _a31 ص ؛
_c12 سم
490 _aاخترنا لك
_v0
650 0 4 _aالماركسية
650 0 4 _aالرأسمالية
650 0 4 _aالاشتراكية
650 0 4 _aالسياسة
650 0 4 _aالمذاهب الاقتصادية
650 0 4 _aالمذاهب السياسية
650 0 4 _aالاشتراكية الوطنية
942 _2ddc
_cBK
999 _c46720
_d46720